[Event "NRW Class1 0910"]
[Site "Germany"]
[Date "2010.04.25"]
[Round "9.8"]
[White "Konings, Leon"]
[Black "Boschenriedter, Christian"]
[Result "1-0"]
[WhiteElo "2247"]
[BlackElo "1579"]
[PlyCount "59"]
[EventDate "2009.09.20"]
[EventType "team-tourn"]
[EventRounds "9"]
[EventCountry "GER"]
[SourceTitle "EXT 2011"]
[Source "ChessBase"]
[SourceDate "2010.11.26"]
[SourceVersion "1"]
[SourceVersionDate "2010.11.26"]
[SourceQuality "1"]
[WhiteTeam "Porz SG II"]
[BlackTeam "Letmathe"]
[WhiteTeamCountry "GER"]
[BlackTeamCountry "GER"]

1. d4 Nf6 2. c4 g6 3. Nc3 Bg7 4. e4 d6 5. Be2 0-0 6. Be3 Nc6 7. Nf3 Nd7 8. d5 Na5 9. Bd4 b6 10. b4 Nb7 11. a3 Ne5 12. h4 Bg4 13. Ng5 Bxe2 14. Nxe2 c5 15. dxc6 Nxc6 16. Bxg7 Kxg7 17. Nf4 Kg8 18. Rc1 a5 19. Qd5 Qe8 20. b5 Ncd8 21. h5 e6 22. Qd1 Qe7 23. Nxh7 Kxh7 24. hxg6+ Kg7 25. Rh7+ Kf6 26. Nh5+ Ke5 27. f4+ Kxe4 28. Ng3+ Kxf4 29. Qd4+ Kg5 30. Qh4+ 1-0